Kiến trúc cổ Việt Nam

Nội dung sách nói về xây dựng và phát triển nền kiến trúc xã hội chủ nghĩa có tính hiện đại và tính dân tộc là mục tiêu sáng tạo của các kiến trúc sư, những người làm công tác trong ngành kiến trúc và xây dựng với sự cộng tác, hỗ...

Fuld beskrivelse

Đã lưu trong:
Bibliografiske detaljer
Hovedforfatter: Vũ Tạm Lang
Format: Bog
Sprog:Vietnamese
Udgivet: H. Xây dựng 2015
Udgivelse:Tái bản
Fag:
Tags: Tilføj Tag
Ingen Tags, Vær først til at tagge denne postø!
Thư viện lưu trữ: Thư viện Trường Đại học Nam Cần Thơ
LEADER 01629nam a22002417a 4500
001 NCT_38583
008 180602b xxu||||| |||| 00| 0 vie d
999 |c 1863  |d 1863 
020 |c 84000 
082 0 4 |2 23rd ed.  |a 726.9597  |b L106 
100 1 |a Vũ Tạm Lang 
245 1 0 |a Kiến trúc cổ Việt Nam  |c Vũ Tạm Lang 
250 |a Tái bản 
260 |a H.  |b Xây dựng  |c 2015 
300 |a 216 tr.  |b minh họa  |c 27cm 
520 3 |a Nội dung sách nói về xây dựng và phát triển nền kiến trúc xã hội chủ nghĩa có tính hiện đại và tính dân tộc là mục tiêu sáng tạo của các kiến trúc sư, những người làm công tác trong ngành kiến trúc và xây dựng với sự cộng tác, hỗ trợ của các nhà nghiên cứu... 
653 |a Kiến trúc 
942 |2 ddc  |c BK 
952 |0 0  |1 0  |2 ddc  |4 0  |6 726_959700000000000_L106  |7 0  |9 9441  |a 000001  |b 000001  |d 2018-06-02  |o 726.9597 L106  |p MD.08589  |r 2018-06-02  |v 84000.00  |w 2018-06-02  |y BK 
952 |0 0  |1 0  |2 ddc  |4 0  |6 726_959700000000000_L106  |7 0  |9 9442  |a 000001  |b 000001  |d 2018-06-02  |o 726.9597 L106  |p MD.08590  |r 2018-06-02  |v 84000.00  |w 2018-06-02  |y BK 
952 |0 0  |1 0  |2 ddc  |4 0  |6 726_959700000000000_L106  |7 0  |9 9443  |a 000001  |b 000001  |d 2018-06-02  |l 2  |o 726.9597 L106  |p MD.08591  |q 2020-11-11  |r 2020-10-28  |s 2020-10-28  |v 84000.00  |w 2018-06-02  |y BK 
952 |0 0  |1 0  |2 ddc  |4 0  |6 726_959700000000000_L106  |7 0  |9 9444  |a 000001  |b 000001  |d 2018-06-02  |l 1  |o 726.9597 L106  |p MD.08750  |r 2019-12-12  |s 2019-11-29  |v 84000.00  |w 2018-06-02  |y BK 
980 |a Thư viện Trường Đại học Nam Cần Thơ